000 00528nam a2200205Ia 4500
005 20250923144403.0
008 008 250917s9999 xx 000 0 eng d
037 _aTextual
040 _aDSWL
_beng
_cDSWL
041 _aeng
_2eng
084 _aT3, H9
_qDSWL
100 _aUnesco,
_9824367
245 0 _aFundamental education
_cby Unesco
260 _aParis
_bUnesco
_c1949
300 _a84 p.
365 _aINR
_b11.4
925 _g11.4
942 _cTEXL
_hT3, H9
999 _c1438206
_d1438206